| 000 | 00541nam a22001817a 4500 | ||
|---|---|---|---|
| 005 | 20251108175210.0 | ||
| 008 | 250721s2008 xx 000 0 ara d | ||
| 082 | 1 | 4 | _a616.85/مار |
| 100 | 1 | _aماركوس، داون | |
| 245 | 1 | 0 | _a10 حلول بسيطة لعلاج الصداع النصفي / |
| 264 | 1 |
_aبيروت _ لبنان : _bدار الكتاب العربي، _c2008. |
|
| 300 | _a144ص. | ||
| 650 | 1 | 7 | _aالامراض |
| 650 | 1 | 7 | _aالعلاج |
| 650 | 1 | 7 | _aاوجاع الرأس |
| 942 |
_2ddc _cBK |
||
| 999 |
_c128486 _d128486 |
||